| 000 | 01744nam a2200313 i 4500 | ||
|---|---|---|---|
| 003 | OSt | ||
| 005 | 20260510162220.0 | ||
| 008 | 260510s2025 enka jrb 000 0 eng d | ||
| 020 |
_a9780241705124 _cRM 58.50 _qpaperback |
||
| 040 |
_aPPAK _beng _cPPAK _erda |
||
| 082 | 0 | 4 |
_223 _a616.8553 |
| 090 | 0 | 0 |
_a616.8553 _bGRI _dK |
| 100 | 1 |
_aGriggs, Kate, _eauthor. |
|
| 245 | 1 | 0 |
_aXtraordinary People / _cWritten by Kate Griggs ; Illustrated by Steven Woods. |
| 264 | 1 |
_aLondon : _bDorling Kindersley Limited, _c2025 |
|
| 300 |
_a32 unnumbered pages : _bcolour illustrations ; _c24 cm |
||
| 336 |
_atext _2rdacontent |
||
| 337 |
_aunmediated _2rdamedia |
||
| 338 |
_avolume _2rdacarrier |
||
| 500 | _a"Unlock your extraordinary dyslexic thinking skills" -- Cover. | ||
| 520 | _aDyslexic children have a diagnosis that tells them they're different, and this book is a comforting reminder that their differences are to be embraced, and their dreams are no less attainable than their peers. Xtraordinary People highlights for children how their differences can help them go wherever they want to in life, with quotes from famous names with dyslexia, such as Kiera Knightley, Princess Beatrice, and Richard Branson. This book is crafted with love and science, and helps dyslexic children feel seen. Crucially, it shifts the narrative on dyslexia, and educates people on its strengths. It's a needed hug for dyslexic children everywhere. | ||
| 521 | 1 | _aAges 5-7. | |
| 650 | 1 | 0 |
_aDyslexia _vJuvenile literature |
| 650 | 2 | 0 |
_aDyslexia _xSocial aspects _vJuvenile literature |
| 650 | 2 | 0 |
_aDyslexics _xEmployment _vJuvenile literature |
| 655 | 7 | _aPicture books. | |
| 700 | 1 |
_aWoods, Steven, _eillustrator. |
|
| 942 |
_2ddc _cB |
||
| 999 |
_c204137 _d204137 |
||